| 000 | 00579nam a22001577a 4500 | ||
|---|---|---|---|
| 008 | 170309b xxu||||| |||| 00| 0 eng d | ||
| 082 |
_22016 _aUT 0719 _bD56 |
||
| 100 |
_919285 _aDiga, Resty D. |
||
| 245 |
_aFishing Practices and Catch-per-unit-effort in Malalag, Davao del Sur _cResty D. Diga, Donna Jane P. Pelonio and Marlo E. Pide. |
||
| 300 |
_a72 pages; _b29 cm. |
||
| 650 | 0 |
_919286 _aEducation _vBiological Science _xUndergraduate Thesis. |
|
| 700 |
_919287 _aDiga, Resty D. |
||
| 700 |
_919288 _aPelonio, Donna Jane P. |
||
| 700 |
_919289 _aPide, Marlo E. |
||
| 942 |
_2ddc _cUT |
||
| 999 |
_c6393 _d6393 |
||